| 000 | 00365nam a2200133Ia 4500 | ||
|---|---|---|---|
| 008 | 240624s9999 xx 000 0 und d | ||
| 041 | _aeng | ||
| 082 | _a658.4092 CHR | ||
| 100 | _aCHRISTIANSEN JAMES A | ||
| 245 | _aCOMPETITIVE INNOVATION MANAGEMENT TECHNI | ||
| 260 |
_c2000 _aLondon _bMacmillan Press |
||
| 300 | _axxiii, : 291 : p. : cm. ; 24 | ||
| 365 |
_cRS _b30 |
||
| 999 |
_c16294 _d16294 |
||